000 01034cam a2200325 a 4500
005 20260322212022.0
008 data
010 _a 95009402
020 _a0679447490 (acidfree paper)
020 _a978-0679447498 (acid-free paper)
040 _aDLC
_cDLC
_dDLC
_dOCoLC
_dDLC
043 _aa-is---
050 0 0 _aPS3552.E5442
_bM47 1995
082 0 0 _a813/.54
_220
099 _aBENIGI
100 1 _aBenig, Irving.
245 1 4 _aThe Messiah stones /
_cIrving Benig.
250 _a1st ed.
260 _aNew York :
_bVillard,
_c1995.
300 _a306 p. ;
_c22 cm.
650 0 _aMiracles
_xFiction.
650 0 _aMillennium (Eschatology)
_vFiction.
651 0 _aJerusalem
_xFiction.
655 7 _aReligious fiction.
_2lcsh
906 _a7
_bcbc
_corignew
_d1
_eocip
_f19
_gy-gencatlg
920 _a** LC HAS REQ'D # OF SHELF COPIES **
991 _bc-GenColl
_hPS3552.E5442
_iM47 1995
_p00034482433
_tCopy 1
_wBOOKS
001 data
999 _c485
_d485